MDQL
is popping MORE tags! Check the
thread
!
Quizzes
Events
Quiz Creation
Community
Videos
Private Events
Remove Ads
Sign In
Join for FREE
Feedback
Dark Mode
Quiz Categories
Sports
Geography
Music
Movies
Television
Just For Fun
Miscellaneous
History
Literature
Language
Science
Gaming
Entertainment
Religion
Holiday
For Kids
Quiz Lab
Recent
Popular Today
Quiz Kudos Today
Editor Picks
Curator Picks
Quizzes by...
Day
Popularity
Type
Ratings
Length
Year
Community
Subscriptions
Recent Discussions
Orange Saloon
Badges
Playlists
Quests
Create
Leaderboards
Showdown
Live 5
Trivia Bingo
Activity
Puzzle Library
Sporcle Events
Private Events
Virtual Trivia
Globe League
Become a Host
Pub Owners
SporcleCon
Opinionation
Our Games
Videos
Blog
Mobile Apps
Partnerships
Remove Ads and Go Orange
Feedback
Gaming
Video Games
Board Games
Card Games
Pokémon
Mario
Nintendo
Minecraft
Console
Toys
Legend of Zelda
Gaming
Video Games
Board Games
Card Games
Pokémon
Mario
Nintendo
Minecraft
Console
Toys
Legend of Zelda
Random Quiz
Search Sporcle
×
Quiz Lab
Quiz Lab
Gaming
Board Games
Type in answers that appear in a list
Type in answers that appear in a list
Classic
Best Score? Go Orange.
Entire NBN Card List? (Core through Spin Cycle) Stats
Can You Name Every NBN Card? (Core through Spin Cycle)
By
Skylar114
10m
41 Questions
375 Plays
375 Plays
375 Plays
Comments
Comments
Give Quiz Kudos
Give Quiz Kudos
-
- Ratings
hide this ad
Replay
Link that replays current quiz
Next Quiz
Link to next quiz in quiz playlist
You Got
0%
They Got
Avg Score
80%
Avg Friend Score
Upgrade to see
Score Distribution
Jump to the score distribution portion of the page
Score
0/41
Timer
10:00
0
Plays Today
Hint
Answer
% Correct
Identities
Making News
97.1%
Upgrades
SanSan City Grid
96.3%
Agendas
Breaking News
95.2%
Identities
The World Is Yours*
94.9%
Agendas
Project Beale
93.3%
Agendas
AstroScript Pilot Program
92.8%
ICE
Tollbooth
92.5%
ICE
Data Raven
92%
Assets
Jackson Howard
88%
ICE
Pop-up Window
87.7%
Operations
SEA Source
87.2%
Upgrades
Bernice Mai
87.2%
Upgrades
ChiLo City Grid
84.8%
Agendas
Character Assassination
84.8%
Agendas
TGTBT
84.5%
Assets
Marked Accounts
84%
Operations
Midseason Replacements
83.7%
Upgrades
Red Herrings
83.4%
Assets
Ghost Branch
83.2%
Operations
Sweeps Week
82.4%
ICE
Wraparound
82.1%
Hint
Answer
% Correct
Operations
Closed Accounts
81.3%
Agendas
Market Research
80.7%
ICE
Matrix Analyzer
79.9%
Agendas
Restructured Datapool
78.9%
ICE
Data Hound
78.3%
Operations
Psychographics
77.8%
Operations
Anonymous Tip
77.3%
ICE
TMI
74.6%
Operations
Big Brother
74.6%
Assets
Net Police
74.3%
ICE
RSVP
73.8%
Operations
Corporate Shuffle
71.9%
Operations
Invasion of Privacy
71.7%
Operations
Shipment from SanSan
70.1%
ICE
Snoop
68.7%
ICE
Flare
68.4%
ICE
Muckraker
68.2%
ICE
Uroboros
65%
Assets
Broadcast Square
64.4%
Assets
City Surveillance
58.8%
Quiz Playlist
Details
Report
Send in Message
Add To Playlist
Classic:
Type in answers that appear in a list
Last Updated: Feb 16, 2017
Quiz Scoreboard
CHALLENGE
Sign Up to Join the Scoreboard
Show All
Scores
Hide
Comments
May contain spoilers
Recently Published
1-10 Letter E Words III
by El_Dandy
Language
2m
Street Fighter Characters
by Artimus82
Gaming
60s
College Basketball Coaching Resumes
by pancakes188
Sports
9m
More to Explore
Quiz From the Vault
Featured Blog Post
Where Did the Easter Bunny Come From?
hide this ad
You Might Also Like...
Tags
Board Games Quiz
Card Games Quiz
Android
Cyberspace
Netrunner
Today's Top Quizzes in Gaming
Browse Gaming
hide this ad
Today's Top Quizzes in Board Games
Browse Board Games
Top Contributed Quizzes in Gaming
1
5-to-1: Consoles
2
7-to-1: Board Game Piece Blitz
3
5-to-1: Legend of Zelda
4
League of Legends Pro Players by Career/Team History
5
Destiny 2 exotic weapons by perk icons
6
Ultimate Genshin Impact Logic Puzzle (up to 4.3)
7
Franchise by Action Figure
8
Who's on the WWE 2K24 Cover?
9
Genshin Impact Logic Puzzle Quiz
10
Order the Pokémon Regions
Explore More
Trending Topics
Disney
Anime
Kpop
Marvel
NBA
Crossword
Harry Potter
WWE
Puzzle
Soccer
The Office
Country
Song
Pokémon
NFL
hide this ad
More By:
Skylar114
Quiz
Plays
Rating
Category
Featured
Created
Netrunner Subtypes
575
3.00
Gaming
Jun 30, 2015
Entire NBN Card List? (Core through Spin Cycle)
375
Gaming
Apr 1, 2014
Every Anarch Card (Core through Spin Cycle)
346
Gaming
Apr 4, 2014
Every Weyland Consortium Card (Core through Spin Cycle)
249
Gaming
Apr 9, 2014
Every Shaper Card (Core through Spin Cycle)
225
Gaming
Apr 16, 2014
Go to Creator's Profile
Score Distribution
Quiz Creator Spotlight
Skylar114
Follow
Send a Message
Quizzes Created
-
Created Quiz Play Count
-
More By This Creator
Popular Quizzes Today
1
Find the US States - No Outlines Minefield
2
Find the Countries of Europe - No Outlines Minefield
3
The Countries of the World
4
Find the US States
5
Risky Map Clicking: Biggest States A-Z
6
US States
7
Popular People in 1961
8
Movies - When Are They Set?
More Gaming Quizzes
Find the Gaming Villains
Published
Trending Quizzes
Risky Map Clicking: Least Populous States A-Z
Billboard Blitz: Aretha Franklin
Famous Russians: Author or Composer?
Countries of the World: 200 Million BC
1-10 Letter G Words
Recently Updated
Leaping Animals
pecheneg
Reality TV Shows (A-Z)
bhenderson79
Rickey Henderson's Hall of Fame Teammates
pecheneg
Champions League XIs: Arsenal
pecheneg
Quick Pick: Celebrities in WWE's Hall of Fame
aduchscher
A-Z Keypad Blitz II
pecheneg
Multiple Oscar Actors
pecheneg
Mystery Phrase Blitz: Oscar 'Best Actors'
pecheneg
F. Scott Fitzgerald Novels
LTH
Pick 3 Villains
ddd62291
Trending Topics
Harry Potter
Kpop
NBA
Disney
Crossword
Marvel
Anime
Song
The Office
WWE
Pokémon
Puzzle
Country
NFL
Soccer
Your Account Isn't Verified!
In order to create a playlist on Sporcle, you need to verify the email address you used during registration. Go to your
Sporcle Settings
to finish the process.
Report this User
Report this user for behavior that violates our
Community Guidelines
.
Details:
Send Report
Go to the Sporcle.com Mobile Site →
Comments